Sending "sophisticated" children "upstairs": the social, legal and organizational context of contemporary juvenile waiver proceedings

Guardado en:  
Detalles Bibliográficos
Autor principal: Harris, Alexes Mary-Yvonne (Autor)
Tipo de documento: Print Libro
Lenguaje:Inglés
Publicado: 2002
En:Año: 2002
Verificar disponibilidad: HBZ Gateway
Servicio de pedido Subito: Pedir ahora.
Palabras clave:

MARC

LEADER 00000cam a22000002c 4500
001 1174062916
003 DE-627
005 20220524143122.0
007 tu
008 030402s2002 xx ||||| m 00| ||eng c
024 8 |a 3052429  |q Order no. 
035 |a (DE-627)1174062916 
035 |a (DE-576)104062916 
035 |a (DE-599)BSZ104062916 
040 |a DE-627  |b ger  |c DE-627  |e rakwb 
041 |a eng 
100 1 |a Harris, Alexes Mary-Yvonne  |4 aut 
245 1 0 |a Sending "sophisticated" children "upstairs"  |b the social, legal and organizational context of contemporary juvenile waiver proceedings  |c by Alexes Mary-Yvonne Harris 
264 1 |c 2002 
300 |a XII, 413 S. 
336 |a Text  |b txt  |2 rdacontent 
337 |a ohne Hilfsmittel zu benutzen  |b n  |2 rdamedia 
338 |a Band  |b nc  |2 rdacarrier 
502 |a Los Angeles, Univ. of California, Diss., 2002 
583 1 |a Archivierung prüfen  |c 20200919  |f DE-640  |z 1  |2 pdager 
655 7 |a Hochschulschrift  |0 (DE-588)4113937-9  |0 (DE-627)105825778  |0 (DE-576)209480580  |2 gnd-content 
751 |a Los Angeles, Calif.  |0 (DE-588)4036361-2  |0 (DE-627)106243012  |0 (DE-576)209017953  |4 uvp 
935 |a mkri 
951 |a BO 
ELC |b 1 
LOK |0 000 xxxxxcx a22 zn 4500 
LOK |0 001 242489051X 
LOK |0 003 DE-627 
LOK |0 004 1174062916 
LOK |0 005 20030402000000 
LOK |0 008 030402||||||||||||||||ger||||||| 
LOK |0 040   |a DE-Frei85  |c DE-627  |d DE-Frei85 
LOK |0 852   |z Kopie, erschienen im Verl. Univ. Microfilms Internat., Ann Arbor, 2002 
LOK |0 852   |a DE-Frei85 
LOK |0 852 1  |m p  |9 00 
LOK |0 938   |k p 
LOK |0 939   |a 02-04-03  |b l01 
ORI |a SA-MARC-krimdoka001.raw